000 00712nam a2200217Ia 4500
003 GCL
008 140319s9999 xx 000 0 ara d
020 _a0024207977
040 _aGCL /
_cGCL
082 0 4 _aق
_b309.162
_bم ا
100 1 _aميلاد حنا
245 1 0 _aالاعمدة السبعة للشخصية المصرية /
_cميلاد حنا
250 _aالثالثة
260 _aالقاهرة :
_bدار الهلال للطباعة والنشر ،
_c1993
300 _a164 ص:
_bايض ؛
_c24 سم
490 _a
650 0 4 _aالحضارة الفرعونية
650 0 4 _aالشخصية المصرية
650 0 4 _aمصر - تاريخ - العصر الحديث
942 _2ddc
_cBK
999 _c33281
_d33281